ბათუმის შოთა რუსთაველის სახელმწიფო უნივერსიტეტის ბიბლიოთეკა

Бонитировка почв. (ბიბ.ჩანაწერი № 35020)

000 -LEADER
fixed length control field 00612nam a2200229Ia 4500
001 - CONTROL NUMBER
control field 859
003 - CONTROL NUMBER IDENTIFIER
control field GE_BSU
008 - FIXED-LENGTH DATA ELEMENTS--GENERAL INFORMATION
fixed length control field 181216s||||||||xx |||||||||||||| ||und||
040 ## - CATALOGING SOURCE
Transcribing agency GE_BSU
080 ## - UNIVERSAL DECIMAL CLASSIFICATION NUMBER
Universal Decimal Classification number 631.4(075.8)
100 ## - MAIN ENTRY--PERSONAL NAME
Personal name Гаврилюк,Ф.Я.
245 ## - TITLE STATEMENT
Title Бонитировка почв.
245 ## - TITLE STATEMENT
Remainder of title Учеб.пособие для студ.вузов.
250 ## - EDITION STATEMENT
Edition statement Изд.2-е,перераб и доп.
260 ## - PUBLICATION, DISTRIBUTION, ETC.
Place of publication, distribution, etc. Москва
260 ## - PUBLICATION, DISTRIBUTION, ETC.
Name of publisher, distributor, etc. ,,Высшая школа
260 ## - PUBLICATION, DISTRIBUTION, ETC.
Date of publication, distribution, etc. 1974
300 ## - PHYSICAL DESCRIPTION
Extent 272 с.
653 ## - INDEX TERM--UNCONTROLLED
Uncontrolled term Бонитировка почв
942 ## - ADDED ENTRY ELEMENTS (KOHA)
Koha item type წიგნი
ეგზემპლარები
Withdrawn status Lost status Damaged status Not for loan Date acquired Barcode Date last seen Price effective from Koha item type
        2018-12-17 1970 2018-12-17 2018-12-17 წიგნი